[Event "Quebec op"]
[Site "Montreal CAN"]
[Date "2016.07.24"]
[Round "3.10"]
[White "Jacquet, Stephane"]
[Black "Prahov, Valentin"]
[Result "0-1"]
[WhiteElo "1969"]
[BlackElo "2188"]
[PlyCount "66"]
[EventDate "2016.07.23"]
[EventType "swiss"]
[EventRounds "8"]
[EventCountry "CAN"]

1. d4 Nf6 2. c4 g6 3. Nc3 d5 4. cxd5 Nxd5 5. e4 Nxc3 6. bxc3 Bg7 7. Bc4 c5 8.
Ne2 O-O 9. O-O cxd4 10. cxd4 Nc6 11. Be3 Bg4 12. f3 Na5 13. Bd3 Be6 14. d5 Bxa1
15. Qxa1 f6 16. Qd4 Bf7 17. Bh6 Re8 18. Rb1 Qd6 19. f4 Rec8 20. Rb5 Qd8 21. h4
b6 22. f5 Rc5 23. fxg6 hxg6 24. h5 g5 25. Ng3 Nc6 26. Qe3 Ne5 27. Rxc5 bxc5 28.
Bc2 Ng4 29. Qd3 c4 30. Qxc4 Qb6+ 31. Kh1 Qf2 32. Nf1 Nxh6 33. Qd3 Rc8 0-1

[Event "Quebec op"]
[Site "Montreal CAN"]
[Date "2016.07.24"]
[Round "3.11"]
[White "Wenaas, Eric"]
[Black "Huang, Qiuyu"]
[Result "1-0"]
[WhiteElo "2156"]
[BlackElo "1964"]
[PlyCount "85"]
[EventDate "2016.07.23"]
[EventType "swiss"]
[EventRounds "8"]
[EventCountry "CAN"]

1. c4 e6 2. Nc3 d5 3. d4 Nf6 4. cxd5 exd5 5. Bg5 Bb4 6. Nf3 c5 7. Qc2 Nbd7 8.
e3 Qa5 9. Bd3 O-O 10. O-O Bxc3 11. Qxc3 Qxc3 12. bxc3 c4 13. Bc2 h6 14. Bxf6
Nxf6 15. Rab1 Rb8 16. Ne5 Be6 17. Rb5 Ne8 18. Rfb1 Nd6 19. Ra5 a6 20. a4 Ra8
21. Rb6 Rfd8 22. f3 Ra7 23. Rc5 Nc8 24. Rb1 f6 25. Ng6 b6 26. Nf4 bxc5 27. Nxe6
Re8 28. Nxc5 Nd6 29. Bg6 Nf7 30. Rb6 Rea8 31. e4 dxe4 32. fxe4 Re7 33. Nxa6 Nh8
34. Bh5 Rd8 35. Nc5 Nf7 36. a5 Nd6 37. Bg6 Ra7 38. Ne6 Nc8 39. Rb8 Rad7 40.
Nxd8 Rxd8 41. Bf5 g6 42. Rxc8 Rxc8 43. Bxc8 1-0

[Event "Quebec op"]
[Site "Montreal CAN"]
[Date "2016.07.24"]
[Round "3.12"]
[White "Trahan, Daniel"]
[Black "Luksza, Arkadiusz"]
[Result "0-1"]
[WhiteElo "1962"]
[BlackElo "2129"]
[PlyCount "72"]
[EventDate "2016.07.23"]
[EventType "swiss"]
[EventRounds "8"]
[EventCountry "CAN"]

1. d4 d5 2. c4 e6 3. Nc3 Nf6 4. cxd5 exd5 5. Bg5 Be7 6. e3 c6 7. Bd3 h6 8. Bf4
Nbd7 9. h3 O-O 10. Nf3 Re8 11. O-O Nf8 12. Qc2 Bd6 13. Bxd6 Qxd6 14. Rab1 Ne6
15. Ne5 Ng5 16. f3 Bd7 17. b4 Re7 18. Rfe1 Rae8 19. f4 Nge4 20. Nxe4 Nxe4 21.
Bxe4 dxe4 22. Qxe4 Be6 23. Rb2 Bd5 24. Qd3 f6 25. Ng6 Re4 26. Kf2 Qe6 27. Qd2
Qf5 28. Nh4 Qh5 29. Nf3 R4e7 30. Ng1 Qg6 31. Nf3 Qh5 32. Ng1 g5 33. Rbb1 g4 34.
hxg4 Qxg4 35. Kf1 Bc4+ 36. Kf2 Rg7 0-1

[Event "Quebec op"]
[Site "Montreal CAN"]
[Date "2016.07.24"]
[Round "3.13"]
[White "Malek, Omid"]
[Black "Bora, Yagiz"]
[Result "1-0"]
[WhiteElo "2053"]
[BlackElo "1918"]
[PlyCount "89"]
[EventDate "2016.07.23"]
[EventType "swiss"]
[EventRounds "8"]
[EventCountry "CAN"]

1. d4 d6 2. Nf3 Nf6 3. Bf4 g6 4. e3 Nh5 5. Bg5 h6 6. Bh4 g5 7. Nfd2 Ng7 8. Bg3
Nf5 9. Bd3 Bg7 10. Qf3 Nxg3 11. Qxg3 f5 12. Nc3 Nc6 13. Bc4 e5 14. d5 Ne7 15.
e4 c6 16. Qf3 g4 17. Qd3 b5 18. Bb3 b4 19. Ne2 c5 20. Ba4+ Kf7 21. h3 f4 22.
hxg4 Bxg4 23. f3 Bc8 24. O-O-O Qa5 25. Bb3 Ba6 26. Bc4 Bc8 27. g3 fxg3 28. Nxg3
Ng6 29. Nh5 Nf4 30. Nxf4 exf4 31. e5 Bxe5 32. Rdg1 Ke7 33. Qg6 Bd7 34. Rxh6
Rag8 35. Rh7+ Kd8 36. Qxg8+ Rxg8 37. Rxg8+ Kc7 38. Re8 b3 39. Bxb3 Bxb2+ 40.
Kxb2 Qxd2 41. Ree7 Qd4+ 42. c3 Qd2+ 43. Bc2 Qxd5 44. Rxd7+ Kc8 45. Rdf7 1-0

[Event "Quebec op"]
[Site "Montreal CAN"]
[Date "2016.07.24"]
[Round "3.14"]
[White "Bouchard, Jean-Marc"]
[Black "Allard, Laurent"]
[Result "1/2-1/2"]
[WhiteElo "1866"]
[BlackElo "2040"]
[PlyCount "132"]
[EventDate "2016.07.23"]
[EventType "swiss"]
[EventRounds "8"]
[EventCountry "CAN"]

1. Nf3 Nf6 2. d4 g6 3. g3 Bg7 4. Bg2 O-O 5. O-O d6 6. c4 c5 7. dxc5 dxc5 8.
Qxd8 Rxd8 9. Ne5 Ne8 10. Nd3 Nd7 11. Nc3 Nd6 12. Nd5 Kf8 13. Bg5 Nf6 14. Bxf6
Bxf6 15. Nxf6 exf6 16. b3 Rb8 17. Nxc5 b6 18. Ne4 Nxe4 19. Bxe4 Bb7 20. Bd3 Rd4
21. f3 Ke7 22. Kf2 a5 23. a3 Ba6 24. a4 Bb7 25. Rfd1 Rc8 26. Bc2 Rcd8 27. Rxd4
Rxd4 28. Ke3 Rd7 29. Rd1 Rc7 30. Rd4 f5 31. Bd3 Bc6 32. Kf4 f6 33. h4 Bd7 34.
g4 fxg4 35. fxg4 Rc5 36. g5 f5 37. Rd5 Rxd5 38. cxd5 Kd6 39. Bc4 Be8 40. h5 Bf7
41. hxg6 hxg6 42. e4 fxe4 43. Kxe4 Be8 44. Kd4 Bf7 45. Ke4 Be8 46. Bb5 Bf7 47.
Bc6 Bg8 48. Kd4 Bf7 49. Kc4 Bg8 50. Kb5 Kc7 51. Ka6 Bf7 52. Kb5 Bg8 53. b4 axb4
54. Kxb4 Bf7 55. Kb5 Bg8 56. Be8 Bxd5 57. Bxg6 Bc6+ 58. Kb4 Kd6 59. Bd3 Ke5 60.
g6 Kf6 61. Bb5 Be4 62. Be8 Bc2 63. Kb5 Bd1 64. Bf7 Bc2 65. Kb4 Ke7 66. Bb3 Bxg6
1/2-1/2

[Event "Quebec op"]
[Site "Montreal CAN"]
[Date "2016.07.24"]
[Round "3.15"]
[White "Gagnon, Serge"]
[Black "Johnson-Constantin, Matthieu"]
[Result "1-0"]
[WhiteElo "2013"]
[BlackElo "1869"]
[PlyCount "49"]
[EventDate "2016.07.23"]
[EventType "swiss"]
[EventRounds "8"]
[EventCountry "CAN"]

1. d4 f5 2. g3 Nf6 3. Bg2 e6 4. c4 d5 5. Nf3 c6 6. b3 Be7 7. O-O O-O 8. Nbd2
Bd7 9. Ne5 Be8 10. Ndf3 Na6 11. Bb2 Nc7 12. Rc1 h6 13. Ne1 g5 14. N1d3 Bh5 15.
f3 Nce8 16. Qd2 Kg7 17. Nc5 Qc8 18. cxd5 exd5 19. e4 Bxc5 20. dxc5 dxe4 21.
fxe4 fxe4 22. Nd7 Rf7 23. Nxf6 Nxf6 24. Rxf6 Rxf6 25. Rf1 1-0

[Event "Quebec op"]
[Site "Montreal CAN"]
[Date "2016.07.24"]
[Round "3.16"]
[White "Rodrigue-Lemieux, Shawn"]
[Black "Saine, Zachary"]
[Result "1-0"]
[WhiteElo "2003"]
[BlackElo "1680"]
[PlyCount "73"]
[EventDate "2016.07.23"]
[EventType "swiss"]
[EventRounds "8"]
[EventCountry "CAN"]

1. e4 e5 2. Nf3 Nc6 3. Bc4 Be7 4. d4 exd4 5. Nxd4 Bf6 6. Be3 Nge7 7. Nc3 d6 8.
h3 O-O 9. Qd2 a6 10. a4 Ne5 11. Ba2 N7c6 12. O-O Re8 13. Nd5 Nxd4 14. Bxd4 Nd7
15. Rfe1 Bxd4 16. Qxd4 Ne5 17. f4 Ng6 18. Rad1 b5 19. a5 Bb7 20. b4 Rc8 21. Qf2
Bxd5 22. Bxd5 c6 23. Bb3 Qc7 24. h4 c5 25. h5 Nf8 26. c3 Rcd8 27. Bd5 Nd7 28.
h6 Nf6 29. hxg7 Re7 30. Qh4 Ne8 31. Re3 Re6 32. Bxe6 fxe6 33. Rh3 Nxg7 34.
Qxh7+ Kf8 35. Rg3 Qf7 36. Qh8+ Ke7 37. Qxg7 1-0

[Event "Quebec op"]
[Site "Montreal CAN"]
[Date "2016.07.24"]
[Round "3.17"]
[White "Saha, Ananda"]
[Black "Johnson, Nicholas"]
[Result "1-0"]
[WhiteElo "1861"]
[BlackElo "1992"]
[PlyCount "73"]
[EventDate "2016.07.23"]
[EventType "swiss"]
[EventRounds "8"]
[EventCountry "CAN"]

1. d4 e6 2. c4 f5 3. g3 Nf6 4. Bg2 d5 5. Nf3 c6 6. O-O Bd6 7. Nbd2 O-O 8. b3
Bd7 9. Bb2 Be8 10. e3 Bh5 11. Qc2 Bxf3 12. Nxf3 Ne4 13. Ne5 Nd7 14. f3 Ng5 15.
Nxd7 Qxd7 16. Rae1 Qc7 17. Re2 b6 18. Bc3 h5 19. Be1 Rf6 20. Bf2 Rh6 21. e4 f4
22. e5 fxg3 23. hxg3 Be7 24. f4 Nf7 25. cxd5 exd5 26. Bxd5 Qd7 27. Bxf7+ Kxf7
28. f5 Qd5 29. Be3 Rhh8 30. f6 gxf6 31. exf6 Bd6 32. Rf5 Qe6 33. Bh6 Qd7 34.
Bg7 Rhe8 35. Rg5 Rxe2 36. Qg6+ Kg8 37. Bf8+ 1-0

[Event "Quebec op"]
[Site "Montreal CAN"]
[Date "2016.07.24"]
[Round "3.18"]
[White "Steinberg, Ellis"]
[Black "Doubleday, William"]
[Result "0-1"]
[WhiteElo "1581"]
[BlackElo "1981"]
[PlyCount "132"]
[EventDate "2016.07.23"]
[EventType "swiss"]
[EventRounds "8"]
[EventCountry "CAN"]

1. e4 c5 2. Nf3 Nc6 3. d4 cxd4 4. Nxd4 Qb6 5. Nb3 Nf6 6. Nc3 e6 7. Be3 Qc7 8.
Be2 a6 9. f4 Bb4 10. Bf3 Bxc3+ 11. bxc3 d6 12. O-O O-O 13. Rb1 b5 14. Qd3 Bb7
15. g4 Rfd8 16. g5 Ne8 17. Rf2 Rac8 18. Nd4 Na5 19. Ne2 Nc4 20. Bc1 Qc5 21. Qd4
e5 22. Qxc5 Rxc5 23. f5 d5 24. Ng3 d4 25. cxd4 Rxd4 26. a4 Ned6 27. axb5 Rxb5
28. Rxb5 axb5 29. Kf1 Bxe4 30. c3 Rd3 31. Nxe4 Nxe4 32. Ra2 f6 33. Bxe4 Rd1+
34. Ke2 Rxc1 35. Bd5+ Kf8 36. Ra8+ Ke7 37. gxf6+ Kxf6 38. Rf8+ Kg5 39. Rf7 Rc2+
40. Ke1 Ne3 41. Rxg7+ Kxf5 42. Rf7+ Kg6 43. Rd7 Nxd5 44. Rxd5 Kf5 45. Rxb5 Rxc3
46. Kf2 Kf4 47. Rb7 Rc2+ 48. Kg1 h5 49. Rf7+ Kg4 50. Rg7+ Kf3 51. Rf7+ Ke3 52.
Rh7 e4 53. Rxh5 Ke2 54. h4 e3 55. Re5 Rc4 56. h5 Rg4+ 57. Kh2 Kf3 58. Kh3 Rg3+
59. Kh2 Rg2+ 60. Kh1 Rg4 61. Kh2 e2 62. Kh3 Re4 63. Rf5+ Ke3 64. h6 e1=Q 65. h7
Qh4+ 66. Kg2 Rg4+ 0-1

[Event "Quebec op"]
[Site "Montreal CAN"]
[Date "2016.07.24"]
[Round "3.19"]
[White "Turcotte, Jonathan"]
[Black "Innocent, Kanjedzana"]
[Result "1-0"]
[WhiteElo "1975"]
[BlackElo "1357"]
[PlyCount "97"]
[EventDate "2016.07.23"]
[EventType "swiss"]
[EventRounds "8"]
[EventCountry "CAN"]

1. d4 d5 2. c4 c6 3. Nf3 e6 4. Bg5 f6 5. Bd2 Ne7 6. Nc3 dxc4 7. a4 Nd5 8. a5 b5
9. axb6 Nxb6 10. Na4 Bb7 11. e4 N8d7 12. b3 Nxa4 13. bxa4 c5 14. Bxc4 cxd4 15.
Nxd4 Nc5 16. Nxe6 Nxe6 17. Bxe6 Ba6 18. Qb3 Bd6 19. Bc4 Rb8 20. Bb5+ Kf8 21.
O-O Bxb5 22. axb5 Rb7 23. Rfd1 Qe7 24. Qd5 Rd7 25. Qa8+ Rd8 26. Qxa7 Qe5 27. g3
Bc5 28. Bf4 Rxd1+ 29. Rxd1 Bxa7 30. Bxe5 Ke7 31. Bc7 Rc8 32. b6 Bb8 33. Rc1 Kd7
34. f4 Bxc7 35. Rxc7+ Rxc7 36. bxc7 Kxc7 37. Kf2 Kd6 38. Ke3 Kc5 39. Kd3 h5 40.
h3 g6 41. g4 h4 42. Kc3 g5 43. fxg5 fxg5 44. Kd3 Kc6 45. Kd4 Kd6 46. e5+ Kd7
47. Kd5 Ke7 48. e6 Ke8 49. Ke5 1-0

[Event "Quebec op"]
[Site "Montreal CAN"]
[Date "2016.07.24"]
[Round "3.20"]
[White "Chipanga, Takaedza"]
[Black "Lebeau, Gilbert"]
[Result "0-1"]
[WhiteElo "2125"]
[BlackElo "1993"]
[PlyCount "134"]
[EventDate "2016.07.23"]
[EventType "swiss"]
[EventRounds "8"]
[EventCountry "CAN"]

1. d4 d5 2. c4 c6 3. Nf3 Nf6 4. Nc3 dxc4 5. a4 Bf5 6. e3 e6 7. Bxc4 Bb4 8. O-O
O-O 9. Qe2 Nbd7 10. e4 Bg4 11. Rd1 Qa5 12. e5 Nd5 13. Nxd5 cxd5 14. Bd3 Be7 15.
Bd2 Qd8 16. h3 Bh5 17. a5 Nb8 18. Rdc1 a6 19. Bc3 Nc6 20. Ra4 Rc8 21. Rca1 Bg6
22. Ne1 Bxd3 23. Nxd3 Na7 24. Qg4 Nb5 25. Bd2 Kh8 26. Nf4 Rc2 27. Bc1 Qc8 28.
Qd1 Qc6 29. Nd3 Rc8 30. Be3 f6 31. exf6 gxf6 32. Qh5 Qe8 33. Qf3 Qf7 34. Rb1
Bd6 35. Raa1 Qg6 36. Qd1 R2c4 37. Ne1 Qe4 38. Nf3 Bb4 39. Kf1 R8c6 40. Kg1 Kg7
41. Rc1 Rc2 42. Rcb1 Bd6 43. Ne1 R2c4 44. Qh5 Qg6 45. Qd1 Rc8 46. Rc1 Bb4 47.
Nd3 Rxc1 48. Rxc1 Rxc1 49. Bxc1 Bxa5 50. Nf4 Qf5 51. g4 Qe4 52. Be3 Bb6 53. Ne2
Qf3 54. Qf1 Kf7 55. Qb1 Kg8 56. Qc2 Bc7 57. Nc3 Qxh3 58. Nxb5 Bh2+ 59. Kh1 Bf4+
60. Kg1 Qxg4+ 61. Kf1 axb5 62. Qc8+ Kg7 63. Qd7+ Kh6 64. Qf7 Bxe3 65. Qxf6+ Qg6
66. Qh4+ Kg7 67. Qe7+ Qf7 0-1

[Event "Quebec op"]
[Site "Montreal CAN"]
[Date "2016.07.24"]
[Round "3.21"]
[White "Fan, Run Kun"]
[Black "Vorobev, Alexander"]
[Result "1/2-1/2"]
[WhiteElo "2094"]
[BlackElo "1900"]
[PlyCount "72"]
[EventDate "2016.07.23"]
[EventType "swiss"]
[EventRounds "8"]
[EventCountry "CAN"]

1. c4 Nf6 2. Nf3 e6 3. g3 b6 4. Bg2 Bb7 5. O-O c5 6. Nc3 Be7 7. d4 cxd4 8. Qxd4
Nc6 9. Qf4 a6 10. e4 d6 11. b3 O-O 12. Rd1 Qc7 13. Bb2 Rac8 14. h3 Rfd8 15. Rd2
Nd7 16. Rad1 Nde5 17. Qe3 Nxf3+ 18. Bxf3 Ne5 19. Bg2 Nd7 20. a4 Bc6 21. Nd5
Bxd5 22. cxd5 e5 23. Rc1 Qb7 24. Rdc2 Rxc2 25. Rxc2 Rc8 26. Qc1 Rxc2 27. Qxc2
Bd8 28. b4 a5 29. Qc6 Qc7 30. Ba3 Qxc6 31. dxc6 axb4 32. Bxb4 Nc5 33. f3 Bc7
34. Bxc5 dxc5 35. Bf1 Kf8 36. Bc4 Ke7 1/2-1/2

[Event "Quebec op"]
[Site "Montreal CAN"]
[Date "2016.07.24"]
[Round "3.22"]
[White "Robichaud, Louis"]
[Black "Lafleche, Alain"]
[Result "1-0"]
[WhiteElo "2056"]
[BlackElo "1749"]
[PlyCount "55"]
[EventDate "2016.07.23"]
[EventType "swiss"]
[EventRounds "8"]
[EventCountry "CAN"]

1. e4 e5 2. Nf3 Nc6 3. Bb5 a6 4. Ba4 Nf6 5. O-O b5 6. Bb3 Be7 7. Re1 O-O 8. c3
d5 9. exd5 e4 10. dxc6 exf3 11. g3 Bg4 12. d4 Re8 13. Bg5 a5 14. a4 b4 15. Nd2
Qc8 16. Nc4 Qf5 17. Re5 Qc8 18. Ne3 Bd6 19. Bxf6 Bxe5 20. Bxe5 Bh5 21. Bd5 Qa6
22. Bxf3 Bg6 23. Nd5 Qc8 24. Nxc7 bxc3 25. bxc3 Rxe5 26. Nxa8 Re8 27. Nb6 Qc7
28. Nd5 1-0

[Event "Quebec op"]
[Site "Montreal CAN"]
[Date "2016.07.24"]
[Round "3.23"]
[White "Keesal, Sheldon"]
[Black "Nunez, Omar"]
[Result "1/2-1/2"]
[WhiteElo "2043"]
[BlackElo "1895"]
[PlyCount "20"]
[EventDate "2016.07.23"]
[EventType "swiss"]
[EventRounds "8"]
[EventCountry "CAN"]

1. e4 d5 2. exd5 Qxd5 3. Nc3 Qa5 4. d4 Nf6 5. Bc4 Nc6 6. Nge2 Bg4 7. O-O O-O-O
8. f3 Bh5 9. Be3 e5 10. d5 Bc5 1/2-1/2

[Event "Quebec op"]
[Site "Montreal CAN"]
[Date "2016.07.24"]
[Round "3.24"]
[White "Forget, Luc"]
[Black "Babb, Jeff"]
[Result "1/2-1/2"]
[WhiteElo "1986"]
[BlackElo "2096"]
[PlyCount "94"]
[EventDate "2016.07.23"]
[EventType "swiss"]
[EventRounds "8"]
[EventCountry "CAN"]

1. d4 Nf6 2. c4 c5 3. d5 b5 4. cxb5 a6 5. bxa6 g6 6. Nc3 Bxa6 7. Nf3 Bg7 8. e4
Bxf1 9. Kxf1 d6 10. g3 O-O 11. Kg2 Nbd7 12. h3 Qa5 13. Re1 Rfb8 14. e5 dxe5 15.
Nxe5 Nxe5 16. Rxe5 Qd8 17. a4 Rb4 18. Ra3 Rd4 19. Qf3 Nd7 20. Re4 Nf6 21. Re1
Nxd5 22. Nxd5 Qxd5 23. Rxe7 Qxf3+ 24. Rxf3 f5 25. b3 Rd1 26. Ba3 Rc8 27. Rfe3
Bd4 28. Re2 Rd3 29. Bb2 Rxb3 30. Bxd4 cxd4 31. Rd7 d3 32. Ree7 Ra3 33. a5 Rxa5
34. Rxd3 Ra6 35. Rdd7 h6 36. h4 Rac6 37. Rf7 Rd6 38. Rxd6 Kxf7 39. h5 gxh5 40.
Rxh6 Kg7 41. Rxh5 Kg6 42. Rh4 Rc2 43. Ra4 Rc3 44. Ra6+ Kg7 45. Re6 Kf7 46. Re3
Rc6 47. Kf3 Kf6 1/2-1/2

[Event "Quebec op"]
[Site "Montreal CAN"]
[Date "2016.07.24"]
[Round "3.25"]
[White "Dube, Daniel"]
[Black "Taborsky, Rostislav"]
[Result "0-1"]
[WhiteElo "1678"]
[BlackElo "2180"]
[PlyCount "86"]
[EventDate "2016.07.23"]
[EventType "swiss"]
[EventRounds "8"]
[EventCountry "CAN"]

1. d4 Nf6 2. c4 e6 3. Nf3 c5 4. d5 d6 5. Nc3 exd5 6. cxd5 g6 7. Bf4 a6 8. e4 b5
9. Qe2 Be7 10. Qc2 O-O 11. Be2 Bg4 12. O-O Nbd7 13. a4 b4 14. Nd1 b3 15. Qb1
Re8 16. h3 Bxf3 17. Bxf3 Rb8 18. Nc3 Bf8 19. Re1 Rb4 20. Qd3 Qa8 21. Bh2 Ne5
22. Bxe5 Rxe5 23. Be2 Nxe4 24. Qxa6 Qxa6 25. Bxa6 Nxc3 26. Rxe5 dxe5 27. bxc3
b2 28. Rb1 Rxa4 29. Bd3 c4 30. Bc2 Ra2 31. Kf1 f5 32. Ke2 Kf7 33. Rd1 b1=Q 34.
Rxb1 Rxc2+ 35. Ke1 Rxc3 36. Rb7+ Kf6 37. Rb6+ Kg5 38. d6 Rd3 39. Rc6 Bxd6 40.
Rxc4 e4 41. Ke2 Kf6 42. f3 Ke5 43. g4 Rxf3 0-1

[Event "Quebec op"]
[Site "Montreal CAN"]
[Date "2016.07.24"]
[Round "3.26"]
[White "Nikulich, Oleksandr"]
[Black "Goldner, John"]
[Result "1-0"]
[WhiteElo "1984"]
[BlackElo "1818"]
[PlyCount "65"]
[EventDate "2016.07.23"]
[EventType "swiss"]
[EventRounds "8"]
[EventCountry "CAN"]

1. e4 e5 2. Nf3 Nc6 3. Bc4 Nf6 4. d3 Bc5 5. c3 d6 6. Bb3 Bb6 7. Nbd2 Bg4 8. Nc4
h6 9. Nxb6 axb6 10. Bc2 O-O 11. O-O Ne7 12. h3 Bh5 13. Kh2 Qd7 14. d4 Ng6 15.
Qd3 Nf4 16. Bxf4 exf4 17. Nh4 Rfe8 18. Rfe1 Ra5 19. b4 Ra3 20. Bb3 Kf8 21. g4
fxg3+ 22. fxg3 Qd8 23. Re3 Bg4 24. hxg4 Nxg4+ 25. Kg2 Nxe3+ 26. Qxe3 Qe7 27.
Ng6+ fxg6 28. Rf1+ Qf6 29. Rxf6+ gxf6 30. Qxh6+ Ke7 31. Qxg6 Rf8 32. Qg7+ Ke8
33. Be6 1-0

[Event "Quebec op"]
[Site "Montreal CAN"]
[Date "2016.07.25"]
[Round "4.3"]
[White "Hirschberg, Valerian"]
[Black "Berube, Antoine"]
[Result "1-0"]
[WhiteElo "2329"]
[BlackElo "2129"]
[PlyCount "89"]
[EventDate "2016.07.23"]
[EventType "swiss"]
[EventRounds "8"]
[EventCountry "CAN"]

1. Nf3 d5 2. c4 c6 3. g3 Bg4 4. Bg2 e6 5. cxd5 Bxf3 6. Bxf3 cxd5 7. O-O Nc6 8.
d3 Nf6 9. Nc3 Be7 10. a3 O-O 11. b4 a5 12. b5 Nd4 13. Bg2 a4 14. Bb2 Nb3 15.
Rb1 Qa5 16. Nxa4 Qxa4 17. Bxf6 Bxf6 18. Rxb3 b6 19. e4 dxe4 20. Bxe4 Ra5 21.
Bc6 Rd8 22. Qc2 Bd4 23. Qa2 Bc5 24. Rc1 Qd4 25. Rc4 Qe5 26. a4 Rd4 27. Rbc3 g6
28. Kg2 Qd6 29. Be4 Ra7 30. Rxd4 Bxd4 31. Rc6 Qb4 32. Rc4 Qd6 33. Bc6 Kg7 34.
Qe2 e5 35. Qa2 f6 36. Qb3 Bc5 37. h4 h5 38. g4 hxg4 39. Rxg4 f5 40. Rg5 Qd4 41.
Qe6 Qxf2+ 42. Kh3 Qe3+ 43. Rg3 Qh6 44. Be8 Kf8 45. Bxg6 1-0

[Event "Quebec op"]
[Site "Montreal CAN"]
[Date "2016.07.25"]
[Round "4.4"]
[White "Voskanyan, Vahagn"]
[Black "Tremblay, Alain"]
[Result "1/2-1/2"]
[WhiteElo "2208"]
[BlackElo "2044"]
[PlyCount "110"]
[EventDate "2016.07.23"]
[EventType "swiss"]
[EventRounds "8"]
[EventCountry "CAN"]

1. Nf3 d5 2. d4 Nf6 3. c4 c6 4. Nc3 dxc4 5. a4 Bf5 6. e3 e6 7. Bxc4 Bb4 8. O-O
Nbd7 9. Qe2 Bg6 10. Bd3 O-O 11. Bxg6 hxg6 12. e4 Rc8 13. Rd1 Re8 14. e5 Nd5 15.
Ne4 Be7 16. Nfg5 Nf8 17. Qf3 f6 18. exf6 gxf6 19. Nh3 f5 20. Nc3 Rc7 21. Bh6
Bf6 22. Bxf8 Kxf8 23. Ne2 Rg7 24. Nhf4 Nxf4 25. Qxf4 Bg5 26. Qf3 Kf7 27. Qc3
Qd7 28. Rd3 Kg8 29. Re1 Qd5 30. Qc2 Bh6 31. Rh3 Rh7 32. Rg3 Kf7 33. Rh3 Kg8 34.
Rd3 Qd6 35. Red1 Bg7 36. g3 Bh6 37. Nc3 a5 38. Re1 Rhe7 39. Qb3 Kf7 40. Qc2 Rd8
41. Red1 Red7 42. Qe2 Qb4 43. h4 Rxd4 44. Rxd4 Rxd4 45. h5 Rxd1+ 46. Qxd1 Qe7
47. hxg6+ Kxg6 48. Ne2 Bg5 49. Qe1 Qd6 50. Kh2 Qd2 51. Nf4+ Bxf4 52. Qxe6+ Kg5
53. Kh3 Qxf2 54. Qe7+ Kg6 55. Qe6+ Kg7 1/2-1/2

[Event "Quebec op"]
[Site "Montreal CAN"]
[Date "2016.07.25"]
[Round "4.6"]
[White "Bolduc, Steve"]
[Black "Gagnon, Serge"]
[Result "1-0"]
[WhiteElo "2194"]
[BlackElo "2013"]
[PlyCount "45"]
[EventDate "2016.07.23"]
[EventType "swiss"]
[EventRounds "8"]
[EventCountry "CAN"]

1. d4 d6 2. e4 Nf6 3. Nc3 g6 4. Bg5 Bg7 5. Qd2 O-O 6. O-O-O c6 7. h4 h5 8. f3
b5 9. Nh3 Nbd7 10. Nf2 Nb6 11. g4 Nc4 12. Bxc4 bxc4 13. Qe2 hxg4 14. fxg4 Qa5
15. e5 dxe5 16. dxe5 Rb8 17. exf6 exf6 18. Bf4 Rxb2 19. Kxb2 f5 20. Rh3 Qb4+
21. Kc1 Bxc3 22. Rxc3 Qxc3 23. Be5 1-0

[Event "Quebec op"]
[Site "Montreal CAN"]
[Date "2016.07.25"]
[Round "4.7"]
[White "Prahov, Valentin"]
[Black "Rodrigue-Lemieux, Shawn"]
[Result "1/2-1/2"]
[WhiteElo "2188"]
[BlackElo "2003"]
[PlyCount "47"]
[EventDate "2016.07.23"]
[EventType "swiss"]
[EventRounds "8"]
[EventCountry "CAN"]

1. e4 c6 2. d4 d5 3. exd5 cxd5 4. Bd3 Nf6 5. c3 Nc6 6. Bf4 Bg4 7. Qb3 Qc8 8.
Nd2 e6 9. Ngf3 Be7 10. O-O O-O 11. Rae1 Bh5 12. Ne5 Nxe5 13. Bxe5 Bg6 14. Bxg6
hxg6 15. Bxf6 gxf6 16. Re3 Kg7 17. Rh3 Qc7 18. Re1 Rh8 19. Ree3 Bd6 20. Nf1 Bf4
21. Rd3 Rxh3 22. Rxh3 Rh8 23. Rxh8 Kxh8 24. g3 1/2-1/2

[Event "Quebec op"]
[Site "Montreal CAN"]
[Date "2016.07.25"]
[Round "4.8"]
[White "Libersan, Thierry"]
[Black "Caire, Francois"]
[Result "0-1"]
[WhiteElo "2043"]
[BlackElo "2161"]
[PlyCount "66"]
[EventDate "2016.07.23"]
[EventType "swiss"]
[EventRounds "8"]
[EventCountry "CAN"]

1. e4 e5 2. Nf3 Nc6 3. Bb5 Nf6 4. d3 d6 5. c3 Bd7 6. Nbd2 g6 7. Nf1 Bg7 8. Bg5
h6 9. Bh4 O-O 10. Ne3 Qc8 11. Qd2 Kh7 12. h3 Nd4 13. cxd4 Bxb5 14. dxe5 dxe5
15. Bxf6 Bxf6 16. O-O-O Rd8 17. Qc2 Bg7 18. h4 Qe6 19. Kb1 Rd7 20. h5 g5 21.
Nd5 c6 22. d4 Kg8 23. Nc3 exd4 24. Nxb5 cxb5 25. Ne1 Rd6 26. f3 Rc8 27. Qb3 Qd7
28. Nd3 a5 29. Rc1 Rdc6 30. Rxc6 bxc6 31. Rc1 a4 32. Qc2 c5 33. Nxc5 Qa7 0-1

[Event "Quebec op"]
[Site "Montreal CAN"]
[Date "2016.07.25"]
[Round "4.9"]
[White "Turcotte, Jonathan"]
[Black "Wenaas, Eric"]
[Result "0-1"]
[WhiteElo "1975"]
[BlackElo "2156"]
[PlyCount "60"]
[EventDate "2016.07.23"]
[EventType "swiss"]
[EventRounds "8"]
[EventCountry "CAN"]

1. d4 d5 2. c4 e6 3. Nf3 Nf6 4. Nc3 Nbd7 5. Bg5 c6 6. e3 Qa5 7. cxd5 Nxd5 8.
Qd2 Bb4 9. Rc1 O-O 10. a3 Bxc3 11. bxc3 Qxa3 12. e4 N5b6 13. Bd3 e5 14. O-O Qd6
15. Be3 Re8 16. Nxe5 Nxe5 17. dxe5 Qxe5 18. f4 Qe7 19. f5 f6 20. g4 Nd7 21. g5
Ne5 22. gxf6 gxf6 23. Bb1 Kh8 24. Bh6 Rg8+ 25. Kh1 c5 26. Rg1 Bd7 27. Qa2 Bc6
28. Qe2 c4 29. Rxg8+ Rxg8 30. Re1 Ng4 0-1

[Event "Quebec op"]
[Site "Montreal CAN"]
[Date "2016.07.25"]
[Round "4.10"]
[White "Luksza, Arkadiusz"]
[Black "Durette, Francis"]
[Result "0-1"]
[WhiteElo "2129"]
[BlackElo "1897"]
[PlyCount "109"]
[EventDate "2016.07.23"]
[EventType "swiss"]
[EventRounds "8"]
[EventCountry "CAN"]

1. d4 Nf6 2. c4 g6 3. Nc3 Bg7 4. e4 d6 5. Be2 O-O 6. h3 e5 7. dxe5 dxe5 8. Qxd8
Rxd8 9. Nf3 Re8 10. Be3 b6 11. O-O Bb7 12. Nd2 c5 13. Nd5 Nxd5 14. cxd5 f5 15.
f3 f4 16. Bf2 g5 17. Rfc1 Nd7 18. a4 a5 19. Bb5 Bc8 20. Nc4 Rb8 21. Be1 Re7 22.
Rd1 Bf6 23. Bc3 h5 24. Rd2 Kh7 25. b3 g4 26. hxg4 hxg4 27. fxg4 Bg7 28. Re1 Bf6
29. Rd3 Kg6 30. Red1 Bg7 31. Kf1 Kg5 32. Nd6 Nf6 33. Bxe5 Bxg4 34. Nf7+ Rxf7
35. Bxb8 Nxe4 36. Rf3 Ng3+ 37. Kg1 Bxf3 38. gxf3 Rb7 39. Bd6 Bd4+ 40. Kg2 Nf5
41. Rxd4 cxd4 42. Ba3 Ne3+ 43. Kf2 d3 44. Bxd3 Nxd5 45. Be4 Rd7 46. Bb2 Nf6 47.
Bxf6+ Kxf6 48. Ke2 Ke5 49. Ba8 Rd4 50. Bc6 Rb4 51. Kd3 Rxb3+ 52. Kc4 Rb4+ 53.
Kc3 Kd6 54. Be8 Kc5 55. Kd3 0-1

[Event "Quebec op"]
[Site "Montreal CAN"]
[Date "2016.07.25"]
[Round "4.11"]
[White "Soudre, Nicolas"]
[Black "Saha, Ananda"]
[Result "1-0"]
[WhiteElo "2084"]
[BlackElo "1861"]
[PlyCount "123"]
[EventDate "2016.07.23"]
[EventType "swiss"]
[EventRounds "8"]
[EventCountry "CAN"]

1. e4 c5 2. Nc3 e6 3. f4 d6 4. Bb5+ Bd7 5. Bxd7+ Qxd7 6. Nf3 g6 7. O-O Bg7 8.
d3 Ne7 9. Qe1 Nbc6 10. Bd2 O-O 11. Qh4 Nd4 12. Nxd4 Bxd4+ 13. Kh1 f5 14. g4 d5
15. Rae1 Bf6 16. g5 Bd4 17. exd5 exd5 18. Qg3 Rae8 19. Qf3 b5 20. Kg2 b4 21.
Nd1 Nc6 22. h4 Bg7 23. c3 bxc3 24. bxc3 c4 25. d4 Na5 26. h5 Rxe1 27. Rxe1 Rd8
28. Bc1 Bf8 29. Qe3 Nb7 30. hxg6 hxg6 31. Qe6+ Qxe6 32. Rxe6 Rd6 33. Re5 Bg7
34. Re7 Ra6 35. Rxb7 Rxa2+ 36. Bb2 a5 37. Kf3 a4 38. Rb8+ Bf8 39. Ne3 a3 40.
Bxa3 Rxa3 41. Nxd5 Kf7 42. Rb7+ Ke8 43. Rc7 Ra4 44. Nb6 Ra1 45. Nxc4 Rc1 46.
Rc8+ Kf7 47. Ne5+ Kg7 48. Rc7+ Kg8 49. Nxg6 Bb4 50. c4 Rf1+ 51. Ke2 Re1+ 52.
Kf2 Re4 53. Rd7 Bc5 54. Rd8+ Kg7 55. dxc5 Kxg6 56. Rd6+ Kg7 57. Kf3 Rxc4 58. c6
Rc3+ 59. Ke2 Kg8 60. Kd2 Rc4 61. Kd3 Rc1 62. Kd4 1-0